000 00638cam a22002293a 4500
001 9368
003 PGUSA
005 20140828083211.0
008 051101s2005||||xxu|||||s|||||000 | eng d
040 _aPGUSA
_beng
042 _adc
050 4 _aPZ
100 1 _aGriffis, William Elliot,
_d1843-1928
245 1 0 _aWelsh Fairy Tales
_h[electronic resource] /
_cWilliam Elliot Griffis
260 _bProject Gutenberg,
_c2005
506 _aPublic domain in the USA.
516 _aElectronic text
653 _aFairy tales -- Wales
830 0 _aProject Gutenberg
_v9368
856 4 0 _uhttp://www.gutenberg.org/ebooks/9368
942 _cEB
999 _c238624
_d238624